000 00688nam a2200181 i 4500
001 185199
003 ES-MaACL
005 20230906222352.0
008 160407s1897 fr |||| | fre d
110 2 _aÉm. Paul et Fils et Guillemin.
_9159312
245 1 0 _aCatalogue de livres anciens et modernes, rares et curieux. Nº 1
_b: en vente aux prix marqués.
260 _aParis :
_bÉm. Paul et fils et Guillemin,
_c1897.
300 _a120 p. ;
_c24 cm.
594 _aTítulo tomado de la cubierta.
610 2 4 _aÉm. Paul et fils et Guillemin-
_vCatálogos.
_9159313
650 4 _aLibros-
_vCatálogos comerciales.
_9159004
852 _aES-MaACL
_jT-968-F-11
_z.- Enc. en un vol. facticio
999 _c185199
_d185199